Prince Edward Island A-Z - Statistics

General Stats
  • This quiz has been taken 11 times
  • The average score is 13 of 24
Answer Stats
Clue Answer % Correct
G Anne of Green ______ Gables
100%
E Second-largest ancestry group English
91%
O Tree depicted 4 times on the flag Oak
91%
L Gulf in which PEI is situated: Gulf of St. ________ Lawrence
82%
V Only child of Prince Edward Victoria
82%
N Province connected to PEI by the Confederation Bridge New Brunswick
73%
P Most important crop grown in PEI Potato
73%
A French colony that included PEI Acadia
64%
C Capital of Prince Edward Island Charlottetown
64%
F Official animal of PEI Fox
64%
Q Central county of PEI Queens
64%
B Well-known nickname of PEI: ________ of Confederation Birthplace
55%
H Dalvay-by-the-Sea is a... Hotel
55%
J Colonial name: Île Saint-____ Jean
55%
U PEI only has one of these University
55%
M Author: Lucy Maud _________ Montgomery
36%
S Second-largest city Summerside
36%
D Cathedral located in the above: St. _______'s Basilica Dunstan
27%
K Least populous county Kings
27%
W Lighthouse at the southernmost point of PEI: _____ Islands Light Wood
27%
Y Capital city's 3-letter airport code YYG
27%
I Motto: Parva sub ______ Ingenti
18%
R The Hillsborough is a... River
18%
T Popular sandstone formation that collapsed in 2022: ______ Rock Teacup
18%
No matching quizzes found
Score Distribution
Percent of People with Each Score
Percentile by Number Answered
Your Score History
You have not taken this quiz